القانون رقم 12 لسنة 2003 بإصدار قانون العمل : (Record no. 13273)
[ view plain ]
| 000 -الفاتح | |
|---|---|
| حقل البيانات ثابتة الطول | 01436nam a22002655a 4500 |
| 003 - محدد رقم الضبط | |
| رقم الضبط | OSt |
| 005 - وقت وتاريخ اخر تعامل مع التسجيلة | |
| رقم الضبط | 20210929115329.0 |
| 008 - عناصر البيانات ثابتة الطول - معلومات عامة | |
| حقل البيانات ثابتة الطول | 100203s2009 ua frl 000 0 eara d |
| 017 ## - رقم الإيداع القانونى | |
| رقم الإيداع القانونى | 2009 / 14317 |
| 040 ## - مصدر الفهرسة | |
| وكالة الفهرسة الأصلية | EG-ScBUE |
| لغة الفهرسة | ara |
| وكالة النسخ | EG-ScBUE |
| 043 ## - رمز المنطقة الجغرافية | |
| رمز المنطقة الجغرافية | f-ua--- |
| 082 04 - رقم تصنيف ديوى العشرى | |
| رقم التصنيف | 344.6201 |
| رقم المادة | ق ا ن |
| رقم الطبعة | 22 |
| 110 1# - المدخل الرئيسى - إسم هيئة | |
| اسم الهيئة أو اسم السلطة كمدخل | مصر. |
| 245 12 - بيان العنوان | |
| العنوان | القانون رقم 12 لسنة 2003 بإصدار قانون العمل : |
| بقية العنوان | متضمنا القرارات الوزارية المنفذة لأحكامه ومذكرته الإيضاحية وأحكام المحكمة الدستورية وفقا لأحدث التعديلات / |
| بيان المسئوليه,etc | إعداد ومراجعة عادل عبد التواب بكري، محمد أحمد محمد جادو. |
| 246 34 - العنوان الموازى | |
| عنوان صحيح/عنوان مختصر | القانون رقم 12 لسنة 2003 بإصدار قانون العمل : |
| بقية العنوان | متضمنا القرارات الوزارية المنفذة لأحكامه ومذكرته الإيضاحية |
| 250 ## - بيان الطبعة | |
| بيان الطبعة | ط. 16. |
| 260 ## - PUBLICATION, DISTRIBUTION, ETC. (IMPRINT) | |
| مكان الناشر او الموزع | القاهرة : |
| اسم الناشر او الموزع | الهيئة العامة لشئون المطابع الأميرية، |
| تاريخ النشر أو التوزيع | 2009. |
| 300 ## - الوصف المادى | |
| التعداد | 882 ص. : |
| تفاصيل ماديه اخرى للوعاء | إيض. ؛ |
| أبعاد الوعاء | 43 سم. |
| 650 #7 - المدخل الاضافى بالموضوع-مصطلح موضوعى | |
| مصطلح موضوعي أو اسم جغرافي كعنصر مدخل | العمل والعمال |
| التقسيم الفرعي الشكلي | قوانين وتشريعات |
| التقسيم الفرعي الجغرافي | مصر. |
| مصدر الرأس أو المصطلح | BUEsh |
| 651 ## - المدخل الاضافى بالموضوع - اسم جغرافى | |
| مصدر الرأس أو المصطلح | BUEsh |
| 653 ## - مصطلح تكشيفى غير مقيد | |
| Resource For college | Law |
| Arrived date list | September2017 |
| 700 1# - المدخل الاضافى - اسم شخصى | |
| الإسم الشخصى | بكري، عادل عبد التواب، |
| الدور | معد، |
| -- | مراجع. |
| 700 ## - المدخل الاضافى - اسم شخصى | |
| الإسم الشخصى | جادو، محمد أحمد محمد، |
| الدور | معد، |
| -- | مراجع. |
| 9 (RLIN) | 20357 |
| 942 ## - عناصر المدخل الإضافي( كوها) | |
| مصدر التصنيف او مخطط الترفيف | Dewey Decimal Classification |
| Koha [default] item type | Book - Borrowing |
| حالة التراجع | حالة الفقد | مصدر التصنيف او خطة الترفيف | حالة تلف | ليس للاعارة | مجموعات كوها | المكان الدائم | المكان الحالي | موقع الترفيف | تاريخ الاكتساب | Source of acquisition | سعر الشراء الطبيعي | رقم الاستدعاء | الباركود | Date last seen | مُعار | نوع الوعاء |
|---|---|---|---|---|---|---|---|---|---|---|---|---|---|---|---|---|
| Dewey Decimal Classification | المطابع الأميرية | Central Library | Central Library | First floor | 03/02/2010 | Purchase | 35.00 | 344.6201 ق ا ن | 000019448 | 15/07/2025 | 03/12/2023 | Book - Borrowing |